Riconosci tutti le Province dai confini - Statistics

Statistiche generali
  • Questo quiz è stato fatto 51 volte
  • Il punteggio medio è 54 su 107
Statistiche sulle risposte
Province confinanti Provincia % Corretto
Provincia di BellunoProvincia di Sondrio Provincia autonoma di Trento Provincia autonoma di Bolzano
94%
Provincia di RovigoProvincia di Treviso Città Metropolitana di Venezia Provincia di Verona Provincia di Vicenza Provincia di Padova
91%
Libero consorzio comunale di AgrigentoCittà Metropolitana di Palermo Libero consorzio comunale di Trapani
82%
Provincia dell'Aquila Provincia di Campobasso Provincia di Isernia Provincia di Pescara Provincia di Chieti
82%
Provincia di GrossetoProvincia di Pisa Provincia di Livorno
82%
Provincia di Catanzaro Provincia di Vibo Valentia Città Metropolitana di Reggio Calabria
79%
Provincia dell'AquilaProvincia di Campobasso Provincia di Caserta Provincia di Chieti Provincia di Frosinone Provincia di Isernia
79%
Provincia di AlessandriaProvincia di Piacenza Provincia di Parma Provincia della Spezia Provincia di Savona Città Metropolitana di Genova
76%
Provincia dell'AquilaProvincia di Frosinone Provincia di Latina Provincia di Rieti Provincia di Viterbo Città Metropolitana di Roma
76%
Provincia di BrindisiProvincia di Taranto Provincia di Lecce
76%
Provincia di AnconaProvincia di Arezzo Provincia di Ascoli Piceno Provincia di Macerata Provincia di Pesaro e Urbino Provincia di Rieti Provincia di Terni Provincia di Viterbo Provincia di Perugia
76%
Provincia di FerraraProvincia di Mantova Provincia di Padova Città Metropolitana di Venezia Provincia di Verona Provincia di Rovigo
76%
Libero consorzio comunale di AgrigentoCittà Metropolitana di Catania Libero consorzio comunale di Enna Città Metropolitana di Palermo Libero consorzio comunale di Ragusa
Libero consorzio comunale di Caltanissetta
74%
Città Metropolitana di BariProvincia di Lecce Provincia di Taranto Provincia di Brindisi
74%
Ente di decentramento regionale di TriesteEnte di decentramento regionale di Udine Ente di decentramento regionale di Gorizia
68%
Provincia di LuccaProvincia di Parma Provincia di Reggio Emilia Provincia della Spezia Provincia di Massa-Carrara
68%
Provincia del Sud Sardegna Città Metropolitana di Cagliari
65%
Città Metropolitana di CataniaLibero consorzio comunale di Enna Città Metropolitana di Palermo Città Metropolitana di Messina
65%
Città Metropolitana di Torino Provincia di Vercelli Valle d'Aosta Provincia di Biella
65%
Provincia di LeccoProvincia di Monza e della Brianza Provincia di Sondrio Provincia di Varese Provincia di Como
65%
Provincia di CuneoProvincia di Savona Provincia di Imperia
65%
Provincia di Avellino Città Metropolitana di Napoli Provincia di Potenza Provincia di Salerno
65%
Provincia di Barletta-Andria-TraniProvincia di Brindisi Provincia di Matera Provincia di Potenza Provincia di Taranto Città Metropolitana di Bari
62%
Provincia di NovaraProvincia di Varese Provincia di Vercelli Provincia del Verbano-Cusio-Ossola
62%
Provincia di PerugiaProvincia di Rieti Provincia di Siena Provincia di Viterbo Provincia di Terni
62%
Provincia di BellunoProvincia di Padova Provincia autonoma di Trento Provincia di Treviso Provincia di Verona Provincia di Vicenza
62%
Città Metropolitana di GenovaProvincia di Massa-Carrara Provincia di Parma Provincia della Spezia
59%
Provincia di CatanzaroProvincia di Cosenza Provincia di Crotone
59%
Città Metropolitana di FirenzeProvincia di Massa-Carrara Provincia di Modena Provincia di Pisa Provincia di Pistoia Provincia di Reggio Emilia Provincia di Lucca
59%
Provincia di AnconaProvincia di Arezzo Provincia di Perugia Provincia di Rimini Provincia di Pesaro e Urbino
59%
Provincia di NuoroProvincia di Oristano Provincia di Sassari
59%
Provincia di AlessandriaProvincia di Biella Provincia di Novara Provincia di Pavia Città Metropolitana di Torino Provincia del Verbano-Cusio-Ossola Valle d'Aosta Provincia di Vercelli
59%
Provincia di FerraraCittà metropolitana di Firenze
Provincia di Modena Provincia di Pistoia Provincia di Prato Provincia di Ravenna
Città metropolitana di Bologna
56%
Città Metropolitana di Cagliari Provincia di Nuoro Provincia di Oristano Provincia del Sud Sardegna
56%
Provincia dell'AquilaProvincia di Caserta Provincia di Isernia Provincia di Latina Città Metropolitana di Roma Provincia di Frosinone
56%
Provincia di CasertaProvincia di Frosinone Città metropolitana di Roma Provincia di Latina
56%
Provincia di AnconaProvincia di Ascoli Piceno Provincia di Fermo Provincia di Perugia Provincia di Macerata
56%
Provincia di PaviaCittà Metropolitana di Torino Provincia di Varese Provincia del Verbano-Cusio-Ossola Provincia di Vercelli Provincia di Novara
56%
Città Metropolitana di FirenzeProvincia di Grosseto Provincia di Livorno Provincia di Lucca Provincia di Siena Provincia di Pisa
56%
Provincia di BresciaProvincia di Mantova Provincia di Padova Provincia di Rovigo Provincia autonoma di Trento Provincia di Vicenza Provincia di Verona
56%
Libero consorzio comunale di Caltanissetta Città Metropolitana di Palermo Libero consorzio comunale di Trapani Libero consorzio comunale di Agrigento
53%
Provincia di AstiCittà Metropolitana di Genova Provincia di Pavia Provincia di Piacenza Provincia di Savona Città Metropolitana di Torino Provincia di Vercelli Provincia di Alessandria
53%
Provincia di AlessandriaProvincia di Cuneo Provincia di Savona Città Metropolitana di Torino Provincia di Asti
53%
Provincia di BeneventoProvincia di Foggia Città Metropolitana di Napoli Provincia di Potenza Provincia di Salerno Provincia di Avellino
53%
Provincia di BergamoProvincia di Cremona Provincia di Mantova Provincia di Sondrio Provincia autonoma di Trento Provincia di Verona Provincia di Brescia
53%
Provincia di BeneventoProvincia di Campobasso Provincia di Frosinone Provincia di Isernia Provincia di Latina Città Metropolitana di Napoli Provincia di Caserta
53%
Provincia di AstiProvincia di Imperia Provincia di Savona Città Metropolitana di Torino Provincia di Cuneo
53%
Provincia di BresciaProvincia di Cremona Provincia di Ferrara Provincia di Modena Provincia di Parma Provincia di Reggio Emilia Provincia di Rovigo Provincia di Verona Provincia di Mantova
53%
Città Metropolitana di BolognaCittà Metropolitana di Firenze Provincia di Lucca Provincia di Modena Provincia di Prato Provincia di Pistoia
53%
Provincia di ArezzoProvincia di Forlì-Cesena Provincia di Pesaro e Urbino Provincia di Rimini
53%
Provincia di BellunoProvincia di Padova
Ente di decentramento regionale di Pordenone
Provincia di Venezia Provincia di Vicenza
Provincia di Treviso
53%
Provincia di GrossetoProvincia di Rieti Città metropolitana di Roma Provincia di Siena Provincia di Terni Provincia di Viterbo
53%
Provincia di AlessandriaProvincia di Asti
Provincia di Biella Provincia di Cuneo Provincia di Vercelli Valle d'Aosta
Città Metropolitana di Torino
50%
Provincia di FermoProvincia di Macerata Provincia di Perugia Provincia di Rieti Provincia di Teramo Provincia di Ascoli Piceno
50%
Provincia di OristanoProvincia di Sassari Provincia del Sud Sardegna Provincia di Nuoro
50%
Provincia di NuoroProvincia di Sassari Provincia del Sud Sardegna Provincia di Oristano
50%
Provincia di CremonaCittà Metropolitana di Genova Provincia di Mantova Provincia di Massa-Carrara Provincia di Piacenza Provincia di Reggio Emilia Provincia della Spezia Provincia di Parma
50%
Città Metropolitana di Bologna
Città Metropolitana di Firenze
Provincia di Pistoia
Provincia di Prato
50%
Provincia di BergamoProvincia di Brescia Provincia autonoma di Bolzano Provincia di Como Provincia di Lecco Provincia autonoma di Trento Provincia di Sondrio
50%
Libero consorzio comunale di CaltanissettaCittà Metropolitana di Catania Libero consorzio comunale di Siracusa Libero consorzio comunale di Ragusa
47%
Provincia autonoma di BolzanoEnte di decentramento regionale di Pordenone Provincia autonoma di Trento Provincia di Treviso Ente di decentramento regionale di Udine Provincia di Vicenza Provincia di Belluno
47%
Provincia di Ascoli PicenoProvincia di Macerata Provincia di Fermo
47%
Città Metropolitana di BolognaProvincia di Mantova Provincia di Modena Provincia di Ravenna Provincia di Rovigo Provincia di Ferrara
47%
Provincia di LivornoProvincia di Pisa Provincia di Siena Provincia di Viterbo Provincia di Grosseto
47%
Provincia di CatanzaroCittà Metropolitana di Reggio Calabria Provincia di Vibo Valentia
47%
Provincia di AvellinoProvincia di Benevento Provincia di Caserta Provincia di Salerno Città Metropolitana di Napoli
44%
Libero consorzio comunale di CaltanissettaCittà Metropolitana di Catania Città Metropolitana di Messina Città Metropolitana di Palermo Libero consorzio comunale di Enna
44%
Città Metropolitana di CataniaLibero consorzio comunale di Ragusa Libero consorzio comunale di Siracusa
44%
Provincia di BergamoProvincia di Brescia Provincia di Lodi Città Metropolitana di Milano Provincia di Parma Provincia di Piacenza Provincia di Cremona
44%
Provincia di AvellinoProvincia di Barletta-Andria-Trani Provincia di Benevento Provincia di Campobasso Provincia di Potenza Provincia di Foggia
44%
Provincia di CremonaCittà Metropolitana di Milano Provincia di Pavia Provincia di Piacenza Provincia di Lodi
44%
Città Metropolitana di BolognaProvincia di Ferrara Provincia di Lucca Provincia di Mantova Provincia di Pistoia Provincia di Reggio Emilia Provincia di Modena
44%
Provincia di AlessandriaProvincia di Cremona Città Metropolitana di Genova Provincia di Lodi Provincia di Parma Provincia di Pavia Provincia di Piacenza
44%
Città Metropolitana di BariProvincia di Brindisi Provincia di Lecce Provincia di Matera Provincia di Taranto
44%
Provincia dell'AquilaProvincia di Ascoli Piceno Provincia di Pescara Provincia di Rieti Provincia di Teramo
44%
Provincia di BellunoProvincia di Treviso Ente di decentramento regionale di Udine Città Metropolitana di Venezia Ente di decentramento regionale di Pordenone
41%
Ente di decentramento regionale di Gorizia Ente di decentramento regionale di Trieste
41%
Provincia di BergamoProvincia di Como Provincia di Monza e della Brianza Provincia di Sondrio Provincia di Lecco
41%
Provincia di AlessandriaProvincia di Lodi Città Metropolitana di Milano Provincia di Novara Provincia di Piacenza Provincia di Vercelli Provincia di Pavia
41%
Provincia dell'AquilaProvincia di Chieti Provincia di Teramo Provincia di Pescara
41%
Provincia di AlessandriaProvincia di Asti Provincia di Cuneo Città Metropolitana di Genova Provincia di Imperia Provincia di Savona
41%
Provincia di ComoCittà Metropolitana di Milano Provincia di Monza e della Brianza Provincia di Novara Provincia del Verbano-Cusio-Ossola Provincia di Varese
41%
Provincia di ArezzoCittà Metropolitana di Bologna Provincia di Forlì-Cesena Provincia di Lucca Provincia di Pisa Provincia di Pistoia Provincia di Prato Provincia di Ravenna Provincia di Siena Città Metropolitana di Firenze
38%
Provincia di BergamoProvincia di Cremona Provincia di Lodi Provincia di Monza e della Brianza Provincia di Novara Provincia di Pavia Provincia di Varese Città Metropolitana di Milano
38%
Città metropolitana di Bari Provincia di Foggia Provincia di Potenza Provincia di Barletta-Andria-Trani
38%
Città Metropolitana di BariProvincia di Cosenza Provincia di Potenza Provincia di Taranto Provincia di Matera
38%
Provincia dell'AquilaProvincia di Ascoli-Piceno Provincia di Perugia Città Metropolitana di Roma Provincia di Teramo Provincia di Terni Provincia di Viterbo Provincia di Rieti
38%
Provincia di ArezzoCittà Metropolitana di Firenze Provincia di Grosseto Provincia di Perugia Provincia di Pisa Provincia di Terni Provincia di Viterbo Provincia di Siena
38%
Provincia di MacerataProvincia di Perugia Provincia di Pesaro e Urbino Provincia di Ancona
35%
Città Metropolitana di Firenze Provincia di Forlì-Cesena Provincia di Perugia Provincia di Pesaro-Urbino Provincia di Rimini Provincia di Siena Provincia di Arezzo
35%
Provincia di BergamoProvincia di Como Provincia di Lecco Città Metropolitana di Milano Provincia di Varese Provincia di Monza e della Brianza
35%
Provincia di PadovaEnte di decentramento regionale di Pordenone Provincia di Padova Rovigo Provincia di Padova Treviso Ente di decentramento regionale di Udine Città Metropolitana di Venezia
32%
Provincia di BresciaProvincia di Cremona Provincia di Lecco Città Metropolitana di Milano Provincia di Monza e della Brianza Provincia di Sondrio Provincia di Bergamo
32%
Provincia di BeneventoProvincia di Caserta Provincia di Chieti Provincia di Foggia Provincia di Isernia Provincia di Campobasso
32%
Provincia di AvellinoCittà Metropolitana di Bari Provincia di Barletta-Andria-Trani Provincia di Cosenza Provincia di Foggia Provincia di Matera Provincia di Salerno Provincia di Potenza
32%
Città Metropolitana di Bologna Provincia di Ferrara Città Metropolitana di Firenze Provincia di Forlì-Cesena Provincia di Ravenna
32%
Provincia di LuccaProvincia di Mantova Provincia di Massa-Carrara Provincia di Modena Provincia di Parma Provincia di Reggio Emilia
32%
Libero consorzio comunale di AgrigentoLibero consorzio comunale di Caltanissetta Libero consorzio comunale di Enna Città Metropolitana di Messina Libero consorzio comunale di Trapani Città Metropolitana di Palermo
29%
Provincia di Belluno Provincia di Brescia Provincia autonoma di BolzanoProvincia di Sondrio Provincia di Verona Provincia di Vicenza Provincia autonoma di Trento
29%
Libero consorzio comunale di CaltanissettaLibero consorzio comunale di Enna Città Metropolitana di Messina Libero consorzio comunale di Ragusa Libero consorzio comunale di Siracusa Città Metropolitana di Catania
26%
Provincia di CosenzaProvincia di Crotone Città Metropolitana di Reggio Calabria Provincia di Vibo Valentia Provincia di Catanzaro
26%
Provincia di BellunoEnte di decentramento regionale di Gorizia Ente di decentramento regionale di Pordenone Città Metropolitana di Venezia Ente di decentramento regionale di Udine
24%
Provincia di ArezzoCittà Metropolitana di Firenze Provincia di Ravenna Provincia di Rimini Provincia di Forlì-Cesena
24%
Provincia di Biella Città Metropolitana di Torino Provincia di Vercelli Valle d'Aosta
21%
Provincia di ChietiProvincia di Frosinone Provincia di Isernia Provincia di Pescara Provincia di Rieti Città Metropolitana di Roma Provincia di Teramo Provincia dell'Aquila
18%
Provincia di CatanzaroProvincia di Crotone Provincia di Matera Provincia di Potenza Provincia di Cosenza
12%
Provincia di AvellinoProvincia di Campobasso Provincia di Caserta Provincia di Foggia Città Metropolitana di Napoli Provincia di Benevento
9%
Nessun quiz corrispondente trovato
Distribuzione punteggi
Percentuale di utenti per punteggio
Percentile per numero di risposta
I tuoi punteggi nel tempo
Non hai fatto questo quiz